States of Brazil by First Letter - Statistics

General Stats
  • This quiz has been taken 25 times
  • The average score is 26 of 27
Answers on the Map
Answers color-coded by a green-red scale on the quiz's map according to % correct below.
 
Answer Stats
State % Correct
Acre
100%
Alagoas
100%
Amapá
100%
Amazonas
100%
Ceará
100%
Distrito Federal
100%
Pará
100%
Paraíba
100%
Paraná
100%
Pernambuco
100%
Piauí
100%
Rio de Janeiro
100%
Rio Grande do Norte
100%
Rio Grande do Sul
100%
Rondônia
100%
Roraima
100%
Santa Catarina
100%
São Paulo
100%
Sergipe
100%
Bahia
95%
Espírito Santo
89%
Goiás
89%
Tocantins
89%
Maranhão
84%
Mato Grosso
84%
Mato Grosso do Sul
84%
Minas Gerais
84%
No matching quizzes found
Score Distribution
Percent of People with Each Score
Percentile by Number Answered
Your Score History
You have not taken this quiz